Occupational inclinations of tribal women in Meghalaya (Record no. 8125)

MARC details
000 -LEADER
fixed length control field 00494nam a2200181Ia 4500
020 ## - INTERNATIONAL STANDARD BOOK NUMBER
ISBN 9788180697708
082 ## - DEWEY DECIMAL CLASSIFICATION NUMBER
Classification number 305.43054164 SAT-O
100 ## - MAIN ENTRY--AUTHOR NAME
Personal name Satya, Y.
245 #0 - TITLE STATEMENT
Title Occupational inclinations of tribal women in Meghalaya
260 ## - PUBLICATION, DISTRIBUTION, ETC. (IMPRINT)
Place of publication New Delhi
Name of publisher Concept Publishing
Year of publication 2012
300 ## - PHYSICAL DESCRIPTION
Number of Pages 238
650 ## - SUBJECT ADDED ENTRY--TOPICAL TERM
Topical Term KHASIS,THE
650 ## - SUBJECT ADDED ENTRY--TOPICAL TERM
Topical Term JAINTIAS,THE
650 ## - SUBJECT ADDED ENTRY--TOPICAL TERM
Topical Term WOMEN, GARO
650 ## - SUBJECT ADDED ENTRY--TOPICAL TERM
Topical Term TRIBAL WOMEN - INDIA - MEGHALAYA
650 ## - SUBJECT ADDED ENTRY--TOPICAL TERM
Topical Term TRIBES AND TRIBALS - INDIA - MEGHALAYA
942 ## - ADDED ENTRY ELEMENTS (KOHA)
Koha item type Books
Holdings
Withdrawn status Lost status Damaged status Not for loan Home library Current library Date acquired Source of acquisition Bill Date Full call number Accession Number Price effective from Koha item type
        NASSDOC Library NASSDOC Library 07/06/2013 Gifted by : RSP Division, ICSSR 2013-05-07 305.43054164 SAT-O 48208 18/04/2019 Books